Epistemología
Сохранить в:
| Главный автор: | |
|---|---|
| Формат: | |
| Язык: | испанский |
| Опубликовано: |
Madrid
Gredos
1956
|
| Серии: | Biblioteca Hispánica de Filosofía
|
| Предметы: | |
| Метки: |
Добавить метку
Нет меток, Требуется 1-ая метка записи!
|
MARC
| LEADER | 00000nam a2200000 a 4500 | ||
|---|---|---|---|
| 001 | UCZ2720 | ||
| 003 | CL-VaPUC | ||
| 008 | 951005e19560000SP |||||||||||||||||spa|d | ||
| 082 | 0 | 4 | |a 121 |b STE |2 21 |
| 100 | 0 | |a Steenberghen, Fernand van |e author |9 346483 | |
| 245 | 1 | 0 | |a Epistemología |
| 300 | |a 336 p | ||
| 942 | |c BK | ||
| 945 | |d 19951005 00:00:00 |a aalvarez | ||
| 260 | |a Madrid |b Gredos |c 1956 | ||
| 650 | 0 | |a Teoría del conocimiento |9 255038 | |
| 650 | 0 | |a Epistemología |9 264994 | |
| 583 | |a last modification |c 19951005 00:00:00 |k Rodrigo Vera | ||
| 490 | 0 | |a Biblioteca Hispánica de Filosofía | |
| 999 | |c 239277 |d 239275 | ||
| 952 | |0 0 |1 0 |4 0 |6 121_000000000000000_STE_1956 |7 0 |8 A |9 250311 |a BIBTEO |b BIBTEO |d 2019-11-18 |i 2020289 |o 121 STE 1956 |p 2020289 |r 2025-01-17 |w 2019-11-18 |y BK |k ICR | ||